| 000 | 00630nam a22002057a 4500 | ||
|---|---|---|---|
| 999 |
_c195542 _d195542 |
||
| 005 | 20230403111342.0 | ||
| 010 | _aENG-136594 | ||
| 020 |
_a9788126052677 _c50.00 |
||
| 035 | _aEN-120126 | ||
| 037 | _bDBAD/PUB | ||
| 082 | _a494.811 | ||
| 100 | _aGurunathan,Rama | ||
| 245 |
_aJeeva Narana Duraikkannan / _cBy Rama Gurunathan And Trans By N.Murugaiyan |
||
| 250 | _aFirst | ||
| 260 |
_aNew Delhi _bSahitya Akademi _c2017 |
||
| 270 |
_aRavindra Bhawan, 35, Ferozshah Kotta Road _bNew Delhi _e110001 |
||
| 300 |
_a160p.; _c21cm(pbk) |
||
| 700 |
_aN.Murugaiyan _eTranslated |
||
| 942 |
_2ddc _cEN _mRAM _h494.811 |
||